Statistics for Random North American Pro Sports Stadiums

Click here to take the quiz!

General Stats

  • This quiz has been taken 51 times
  • The average score is 12 of 20

Answer Stats

TeamStadium% Correct
Los Angeles AngelsAngel Stadium
100%
Kansas City ChiefsArrowhead Stadium
100%
Dallas CowboysAT&T Stadium
100%
St. Louis CardinalsBusch Stadium
100%
Seattle SeahawksCenturyLink Field
100%
Philadelphia PhilliesCitizens Bank Park
100%
Colorado RockiesCoors Field
100%
Denver BroncosEmpower Field at Mile High
100%
Detroit LionsFord Field
100%
New England PatriotsGillette Stadium
100%
Miami DolphinsHard Rock Stadium
100%
Pittsburgh SteelersHeinz Field
100%
Green Bay PackersLambeau Field
100%
New York RangersMadison Square Garden
100%
New York KnicksMadison Square Garden
100%
Atlanta FalconsMercedes-Benz Stadium
100%
New Orleans SaintsMercedes-Benz Superdome
100%
New York JetsMetLife Stadium
100%
New York GiantsMetLife Stadium
100%
Houston AstrosMinute Maid Park
100%
San Francisco GiantsOracle Park
100%
Tampa Bay BuccaneersRaymond James Stadium
100%
Toronto Blue JaysRogers Centre
100%
Calgary FlamesScotiabank Saddledome
100%
Los Angeles RamsSoFi Stadium
100%
Chicago BearsSoldier Field
100%
Arizona CardinalsState Farm Stadium
100%
Minnesota TwinsTarget Field
100%
Seattle MarinersT-Mobile Park
100%
Chicago BlackhawksUnited Center
100%
Minnesota VikingsU.S. Bank Stadium
100%
Philadelphia FlyersWells Fargo Center
100%
Chicago CubsWrigley Field
100%
New York YankeesYankee Stadium
100%
Oakland AthleticsOakland Coliseum
75%
Dallas MavericksAmerican Airlines Center
67%
Brooklyn NetsBarclays Center
67%
Los Angeles DodgersDodger Stadium
67%
Philadelphia EaglesLincoln Financial Field
67%
Indianapolis ColtsLucas Oil Stadium
67%
Cincinnati BengalsPaul Brown Stadium
67%
Pittsburgh PenguinsPPG Paints Arena
67%
Boston BruinsTD Garden
67%
Las Vegas RaidersAllegiant Stadium
50%
Miami HeatAmerican Airlines Arena
50%
San Antonio SpursAT&T Center
50%
Carolina PanthersBank of America Stadium
50%
Detroit TigersComerica Park
50%
Washington RedskinsFedEx Field
50%
Milwaukee BucksFiserv Forum
50%
Texas RangersGlobe Life Field
50%
Sacramento KingsGolden 1 Center
50%
Cincinnati RedsGreat American Ball Park
50%
Chicago White SoxGuaranteed Rate Field
50%
Miami MarlinsMarlins Park
50%
Baltimore RavensM&T Bank Stadium
50%
Houston TexansNRG Stadium
50%
Cleveland IndiansProgressive Field
50%
Edmonton OilersRogers Place
50%
Toronto RaptorsScotiabank Arena
50%
Toronto Maple LeafsScotiabank Arena
50%
New Orleans PelicansSmoothie King Center
50%
Charlotte HornetsSpectrum Center
50%
Los Angeles LakersStaples Center
50%
Boston CelticsTD Garden
50%
Tampa Bay RaysTropicana Field
50%
Atlanta BravesTruist Park
50%
Philadelphia 76ersWells Fargo Center
50%
Minnesota WildXcel Energy Center
50%
Nashville PredatorsBridgestone Arena
33%
Ottawa SenatorsCanadian Tire Centre
33%
Anaheim DucksHonda Center
33%
Washington NationalsNationals Park
33%
Tennessee TitansNissan Stadium
33%
New Jersey DevilsPrudential Center
33%
Atlanta HawksState Farm Arena
33%
Minnesota TimberwolvesTarget Center
33%
Chicago BullsUnited Center
33%
Portland Trail BlazersModa Center
20%
Tampa Bay LightningAmalie Arena
17%
Dallas StarsAmerican Airlines Center
0%
Orlando MagicAmway Center
0%
Indiana PacersBankers Life FieldHouse
0%
New York IslandersBarclays Center/Nassau Coliseum
0%
Florida PanthersBB&T Center
0%
Montreal CanadiensBell Centre
0%
Winnipeg JetsBell MTS Place
0%
Washington CapitalsCapital One Arena
0%
Washington WizardsCapital One Arena
0%
Golden State WarriorsChase Center
0%
Arizona DiamondbacksChase Field
0%
Oklahoma City ThunderChesapeake Energy Arena
0%
New York MetsCiti Field
0%
St. Louis BluesEnterprise Center
0%
Memphis GrizzliesFedExForum
0%
Boston Red SoxFenway Park
0%
Cleveland BrownsFirstEnergy Stadium
0%
Arizona CoyotesGila River Arena
0%
Kansas City RoyalsKauffman Stadium
0%
Buffalo SabresKeyBank Center
0%
San Francisco 49ersLevi's Stadium
0%
Detroit PistonsLittle Caesars Arena
0%
Detroit Red WingsLittle Caesars Arena
0%
Milwaukee BrewersMiller Park
0%
Columbus Blue JacketsNationwide Arena
0%
Buffalo BillsNew Era Field
0%
Baltimore OriolesOriole Park at Camden Yards
0%
Denver NuggetsPepsi Center
0%
Colorado AvalanchePepsi Center
0%
San Diego PadresPetco Park
0%
Carolina HurricanesPNC Arena
0%
Pittsburgh PiratesPNC Park
0%
Cleveland CavaliersRocket Mortgage FieldHouse
0%
Vancouver CanucksRogers Arena
0%
San Jose SharksSAP Center
0%
Los Angeles ChargersSoFiStadium
0%
Los Angeles KingsStaples Center
0%
Los Angeles ClippersStaples Center
0%
Phoenix SunsTalking Stick Resort Arena
0%
Jacksonville JaguarsTIAA Bank Field
0%
Vegas Golden KnightsT-Mobile Arena
0%
Houston RocketsToyota Center
0%
Utah JazzVivint Smart Home Arena
0%

Score Distribution

Percentile by Number Answered

Percent of People with Each Score

Your Score History

You have not taken this quiz